Central Library OPAC University of Rajshahi

Operations management ; (Record no. 15403)

MARC details
000 -LEADER
fixed length control field 00762cam a2200253 a 4500
001 - CONTROL NUMBER
control field 15403
003 - CONTROL NUMBER IDENTIFIER
rucl marc code BD-RjUL
005 - DATE AND TIME OF LATEST TRANSACTION
control field 20211208235816.0
008 - FIXED-LENGTH DATA ELEMENTS--GENERAL INFORMATION
fixed length control field 140210s2000 enka b 001 0 eng
020 ## - INTERNATIONAL STANDARD BOOK NUMBER
International Standard Book Number 0333775929
035 ## - SYSTEM CONTROL NUMBER
System control number (BD-RjUL)15457
040 ## - CATALOGING SOURCE
Original cataloging agency DLC
Transcribing agency DLC
Modifying agency BD-RjUL
Language of cataloging eng
041 ## - LANGUAGE CODE
Language code of text/sound track or separate title eng
082 00 - DEWEY DECIMAL CLASSIFICATION NUMBER
Classification number 658.5
Edition number 21
Author mark and year HIO 2000
100 1# - MAIN ENTRY--PERSONAL NAME
Personal name Hill, Terry,
Dates associated with a name 1940-
9 (RLIN) 47849
245 10 - TITLE STATEMENT
Title Operations management ;
Remainder of title strategic context and managerial analysis /
Statement of responsibility, etc. Terry Hill.
260 ## - PUBLICATION, DISTRIBUTION, ETC. (IMPRINT)
Place of publication, distribution, etc. Basingstoke :
Name of publisher, distributor, etc. Macmillan,
Date of publication, distribution, etc. 2000.
300 ## - PHYSICAL DESCRIPTION
Pagination xv, 704 p. :
Illustrations ill. ;
Size 25 cm. +
504 ## - BIBLIOGRAPHY, ETC. NOTE
Bibliography, etc Includes bibliographical references and index.
650 #0 - SUBJECT ADDED ENTRY--TOPICAL TERM
Topical term or geographic name as entry element Production management.
9 (RLIN) 47850
942 ## - ADDED ENTRY ELEMENTS (KOHA)
Source of classification or shelving scheme Dewey Decimal Classification
Koha item type Books
Holdings
Lost status Source of classification or shelving scheme Damaged status Not for loan Collection code Permanent Location Current Location Shelving location Date acquired Source of acquisition Cost, normal purchase price Total Checkouts Full call number Date last seen Copy number Koha item type
  Dewey Decimal Classification     Non-fiction Central Library, University of Rajshahi Central Library, University of Rajshahi   08/08/2006 Paragon Enterprises 29.99   658.5 HIO 2000 10/02/2014 C-2 Books
  Dewey Decimal Classification   Not For Loan Non-fiction Central Library, University of Rajshahi Central Library, University of Rajshahi Reading Room 08/08/2006 Paragon Enterprises 29.99   658.5 HIO 2000 31/12/2016 C-1 Books